书目信息 |
| 题名: |
配合饲料讲座 上
|
|
| 作者: | 配合饲料讲座编纂委员会 编 | |
| 分册: | ||
| 出版信息: | 北京 中国农业出版社 1988.01 |
|
| 页数: | 439页 | |
| 开本: | 26cm | |
| 丛书名: | ||
| 单 册: | ||
| 中图分类: | S816.8 | |
| 科图分类: | ||
| 主题词: | 畜牧学 | |
| 电子资源: | ||
| ISBN: | 7-109-00567-4 | |
| 000 | 00722nam0 2200205 450 | |
| 001 | 0836549211 | |
| 005 | 20081020101220.10 | |
| 010 | @a7-109-00567-4@dCNY7.55 | |
| 100 | @a20081020d1988 km y0chiy0120 ea | |
| 101 | 0 | @achi |
| 102 | @aCN@b110000 | |
| 200 | 1 | @a配合饲料讲座 上@Apei he si liao jiang zuo shang@e设计篇@f(日)配合饲料讲座编纂委员会编@F(ri)pei he si liao jiang zuo bian zuan wei yuan hui bian |
| 210 | @a北京@c中国农业出版社@d1988.01 | |
| 215 | @a439页@d26cm | |
| 517 | 1 | @a设计篇@Ashe ji pian |
| 606 | 0 | @a畜牧学 |
| 690 | @aS816.8@v4 | |
| 701 | 0 | @a配合饲料讲座编纂委员会@Apei he si liao jiang zuo bian zuan wei yuan hui@4编 |
| 801 | 0 | @aCN@b大连网信软件有限公司图书馆·11@c20081020 |
| 905 | @aBZT@dS816.8@e44 | |
| 配合饲料讲座 上:设计篇/(日)配合饲料讲座编纂委员会编.-北京:中国农业出版社,1988.01 |
| 439页;26cm |
| ISBN 7-109-00567-4:CNY7.55 |
| ● |
| 相关链接 |
|
|
|
正题名:配合饲料讲座 上
索取号:S816.8/44
 
预约/预借
| 序号 | 登录号 | 条形码 | 馆藏地/架位号 | 状态 | 备注 |
| 1 | 029443 | 201233646 | 中心书库中库/ 中库031架B面5列5层46/ [索取号:S816.8/44] | 在馆 |